| 000 | 00633nam a2200229 a 4500 | ||
|---|---|---|---|
| 001 | 000021432 | ||
| 005 | 20200930011327.0 | ||
| 008 | 100907s1976 sp 000 f spa d | ||
| 020 | _a8420646105 | ||
| 040 |
_aDO-SdBNP _bspa _cBNPHU |
||
| 082 |
_aA863.4 _bC827p |
||
| 100 | 1 |
_aCortázar, Julio, _d1914-1984 _910688 |
|
| 245 | 1 | 3 |
_aEl perseguidor / _cJulio Cortázar. |
| 260 |
_aMadrid : _bAlianza, _c1976. |
||
| 300 |
_a93 [3] p. ; _c15 cm. |
||
| 490 | 1 |
_aAlianza cien _v10 |
|
| 650 | 4 |
_aNovela argentina _93941 |
|
| 650 | 4 |
_aLiteratura argentina _93860 |
|
| 830 | 0 |
_aAlianza cien ; _v10 _912832 |
|
| 910 | _aWM | ||
| 049 | _aBNGR | ||
| 999 |
_c20932 _d20932 |
||